China architect office IV (Record no. 231568)
[ view plain ]
| 000 -LEADER | |
|---|---|
| fixed length control field | 00386nam a2200157Ia 4500 |
| 005 - DATE AND TIME OF LATEST TRANSACTION | |
| control field | 20241120165923.0 |
| 008 - FIXED-LENGTH DATA ELEMENTS--GENERAL INFORMATION | |
| fixed length control field | 231221s9999 xx 000 0 und d |
| 020 ## - INTERNATIONAL STANDARD BOOK NUMBER | |
| International Standard Book Number | 978756094123 |
| 082 ## - DEWEY DECIMAL CLASSIFICATION NUMBER | |
| Classification number | 720 ARC;1 R |
| 100 ## - MAIN ENTRY--PERSONAL NAME | |
| Personal name | Archiworld. |
| 245 #0 - TITLE STATEMENT | |
| Title | China architect office IV |
| 260 ## - PUBLICATION, DISTRIBUTION, ETC. (IMPRINT) | |
| Date of publication, distribution, etc. | 2007 |
| Name of publisher, distributor, etc. | Archiworld |
| Place of publication, distribution, etc. | Korea |
| 300 ## - PHYSICAL DESCRIPTION | |
| Extent | 263 |
| 650 ## - SUBJECT ADDED ENTRY--TOPICAL TERM | |
| Topical term or geographic name as entry element | China,architect,office |
| 942 ## - ADDED ENTRY ELEMENTS (KOHA) | |
| Koha item type | Arch Books |
| Date last seen | Total Checkouts | Full call number | Accession number | Old discount | Cost, replacement price | Price effective from | Category | Lost status | Source of classification or shelving scheme | Damaged status | Department | Withdrawn status | bill no. | bill date | Permanent Location | Current Location | Shelving location | Entry date | Vendor | Cost, normal purchase price | Grants | Currency symbol | Conversion rate | Discount | Discount type |
|---|---|---|---|---|---|---|---|---|---|---|---|---|---|---|---|---|---|---|---|---|---|---|---|---|---|
| 26/01/2024 | 720 ARC;1 R | AR182 | 35 | 2304.25 | 26/01/2024 | Arch Books | Dewey Decimal Classification | BL32993 | 20/02/2016 | Architecture Library | Architecture Library | ARCH | 29/02/2016 | CBS publishers & Distributors | 50.00 | ARCH | USD | 70.9 | 17.5 | Rupees | |||||
| 26/01/2024 | 720 ARC;1 | CD6831 | 26/01/2024 | Compact Disks | BL32993 | Central Library | Central Library | ARCH | CBS publishers & Distributors | ARCH | RS | 1 | Rupees |
